Statistics for All WWE Intercontinental Champions updated

Click here to take the quiz!

General Stats

  • This quiz has been taken 308 times
    (179 since last reset)
  • The average score is 134 of 184

Answer Stats

HintAnswer% Correct
20165The Miz
94%
20121The Miz
94%
20132The Miz
94%
20143The Miz
94%
20188The Miz
94%
20144The Miz
94%
20177The Miz
94%
20166The Miz
94%
20088Chris Jericho
91%
19991Chris Jericho
91%
20047Chris Jericho
91%
20036Chris Jericho
91%
20025Chris Jericho
91%
20099Chris Jericho
91%
20003Chris Jericho
91%
20014Chris Jericho
91%
20002Chris Jericho
91%
20001Chris Jericho and Chyna
91%
19932Shawn Michaels
91%
19953Shawn Michaels
91%
19921Shawn Michaels
91%
20014Triple H
91%
19982Triple H
91%
20013Triple H
91%
19961Triple H
91%
20025Triple H
91%
20151Dean Ambrose
90%
20183Dean Ambrose
90%
20172Dean Ambrose
90%
19991Edge
90%
20013Edge
90%
20045Edge
90%
20014Edge
90%
20012Edge
90%
20182Seth Rollins
90%
20181Seth Rollins
90%
20031Randy Orton
89%
20074Jeff Hardy
88%
20063Jeff Hardy
88%
20062Jeff Hardy
88%
20205Jeff Hardy
88%
20011Jeff Hardy
88%
20171Roman Reigns
88%
20011Christian
87%
20124Christian
87%
20033Christian
87%
20032Christian
87%
20186Dolph Ziggler
86%
20101Dolph Ziggler
86%
20144Dolph Ziggler
86%
20143Dolph Ziggler
86%
20142Dolph Ziggler
86%
20165Dolph Ziggler
86%
19972The Rock
86%
19971The Rock
86%
20221Gunther
85%
20022Kane
85%
20011Kane
85%
20131Big E
83%
20202Big E
83%
20121Big Show
83%
19911Bret Hart
83%
19922Bret Hart
83%
20111Cody Rhodes
83%
20122Cody Rhodes
83%
19861Randy Savage
82%
20162Kevin Owens
81%
20151Kevin Owens
81%
19881Ultimate Warrior
81%
19892Ultimate Warrior
81%
20001Eddie Guerrero
80%
20022Eddie Guerrero
80%
19972Owen Hart
80%
19971Owen Hart
80%
20092Rey Mysterio
80%
20091Rey Mysterio
80%
20201Sami Zayn
80%
20202Sami Zayn
80%
20223Sami Zayn
80%
19972Stone Cold Steve Austin
80%
19971Stone Cold Steve Austin
80%
20192Bobby Lashley
79%
20191Bobby Lashley
79%
20003Chris Benoit
79%
20002Chris Benoit
79%
20001Chris Benoit
79%
20024Chris Benoit
79%
20081Kofi Kingston
79%
20113Kofi Kingston
79%
20124Kofi Kingston
79%
20102Kofi Kingston
79%
20091CM Punk
78%
20151Daniel Bryan
77%
20212Shinsuke Nakamura
77%
20191Shinsuke Nakamura
77%
20001Kurt Angle
76%
20201AJ Styles
73%
20221Ricochet
73%
20111Wade Barrett
73%
20144Wade Barrett
73%
20155Wade Barrett
73%
20122Wade Barrett
73%
20133Wade Barrett
73%
19991Chyna
72%
20003Chyna
72%
19941Diesel
72%
20051Ric Flair
72%
20022Rob Van Dam
72%
20066Rob Van Dam
72%
20023Rob Van Dam
72%
20035Rob Van Dam
72%
20034Rob Van Dam
72%
20021Rob Van Dam
72%
20161Zack Ryder
71%
20091Drew Mcintyre
70%
20191Finn Balor
69%
20192Finn Balor
69%
20211Apollo Crews
68%
19962Goldust
67%
19961Goldust
67%
19993Goldust
67%
20141Luke Harper
67%
20201Braun Strowman
66%
19871Ricky The Dragon Steamboat
66%
20151Ryback
66%
19871Honky Tonk Man
65%
20062John Morrison
65%
20093John Morrison
65%
20061John Morrison
65%
19954Razor Ramon
65%
19931Razor Ramon
65%
19953Razor Ramon
65%
19942Razor Ramon
65%
20001Billy Gunn
64%
20091JBL
64%
20063Shelton Benjamin
64%
20062Shelton Benjamin
64%
20041Shelton Benjamin
64%
20031Booker T
63%
19791Pat Patterson
62%
20071Umaga
61%
20072Umaga
61%
19921Roddy Piper
60%
20051Carlito
59%
20082William Regal
57%
20021William Regal
57%
19996Jeff Jarrett
56%
19994Jeff Jarrett
56%
19995Jeff Jarrett
56%
19951Jeff Jarrett
56%
19952Jeff Jarrett
56%
19953Jeff Jarrett
56%
20011Test
56%
19801Pedro Morales
55%
19812Pedro Morales
55%
19991Road Dogg
55%
19921British Bulldog
53%
20131Curtis Axel
52%
19991D'Lo Brown
52%
20071Santino Marella
52%
20082Santino Marella
52%
19902Mr Perfect
51%
19901Mr Perfect
51%
20001Rikishi
50%
19991The Godfather
50%
20111Ezekiel Jackson
49%
20002Val Venis
49%
19991Val Venis
49%
19981Ken Shamrock
47%
19891Rick Rude
45%
20011Albert
44%
19961Ahmed Johnson
43%
19852Tito Santana
43%
19841Tito Santana
43%
19951Dean Douglas
38%
19811Don Muraco
38%
19832Don Muraco
38%
19841Greg Valentine
38%
19921The Mountie
38%
20011Lance Storm
37%
19931Marty Jannetty
37%
19801Ken Patera
34%
19901Texas Tornado
34%
19961Marc Mero
33%

Score Distribution

Percentile by Number Answered

Percent of People with Each Score

Your Score History

You have not taken this quiz since the last reset